000 01969nam a2200325 a 4500
001
003 DO-SdBNP
005 20260304092050.0
007 ta
008 081126s2019 dr a 000 0 spa d
020 _a9789945169980
040 _aDO-SdBNP
_bspa
_cBNPHU
082 4 _a320.97293
_bT649f
_222
100 1 _aTolentino Dipp, Hugo,
_d1930-2019
_912717
245 1 3 _aObras de Hugo Tolentino Dipp:
_bla funesta reelección. /
_cHugo Tolentino Dipp ; coordinación editorial Wilfredo Lozano, edición y prólogo Milagros Ortiz Bosch; Foto de portada, Joseph Schneberg.
260 _aSanto Domingo :
_bBúho,
_c2019
300 _a252 p. ;
_c23 cm.
_b
500 _aIncluye datos biográficos del autor en las solapas.
500 _aIncluye referencias bibliográficas y notas al pie de las páginas.
505 0 _a Prólogo -- Como si fuera hoy -- Palabras improvisadas por el diputado Hugo Tolentino Dipp en la Asamblea Revisora del 9 de junio del 2015 -- La polémica sobre la reelección entre Enrique Apolinar Henríquez y Hugo Tolentino Dipp, -- Un solo compromiso : desde el presidente Antonio Guzmán hasta la crisis electoral de 1994 -- La crisis del Partido Revolucionario Dominicano. El papel de la reelección y el desvelo por la democracia -- Análisis a fondo de la Reforma Constitucional propuesta al Congreso Nacional en el 2008 por el presidente Leonel Fernández -- Preocupaciones ciudadanas y reformas necesarias, denuncias y alertas sobre la reelección. Los procesos electorales.
590 _aInventariado, 2021/VM
650 4 _aElecciones
_zRepública Dominicana
_96412
650 4 _aPartidos políticos
_zRepública Dominicana
_977786
651 4 _aRepública Dominicana
_x Política y gobierno
_93204
700 1 _aLozano, Wilfredo
_d1950-
_eed.
_97126
700 1 _aOrtiz Bosch, Milagros, 1936-
_epról.
_926797
700 1 _aSchneberg, Joseph
_efoto
_982872
910 _aVMateo.Validado. Control de calidad MFF
942 _2ddc
_cLBS1
999 _c49380
_d49380